30 biggest cities in Wyoming - Statistics

General Stats
  • This quiz has been taken 33 times
  • The average score is 14 of 30
Answer Stats
Population City % Correct
59,038 Casper
100%
65,132 Cheyenne
100%
31,407 Laramie
95%
33,403 Gillette
86%
10,760 Jackson
86%
10,028 Cody
81%
23,526 Rock Springs
81%
11,825 Green River
76%
18,737 Sheridan
67%
11,747 Evanston
57%
8,221 Rawlins
52%
10,682 Riverton
52%
4,415 Buffalo
48%
2,725 Thermopolis
48%
6,386 Douglas
38%
7,546 Lander
38%
6,419 Powell
38%
3,588 Wheatland
33%
4,773 Worland
33%
2,172 Afton
29%
2,243 Lovell
24%
3,374 Newcastle
24%
2,005 Pinedale
24%
6,119 Torrington
24%
2,746 Evansville
19%
2,415 Kemmerer
19%
4,034 Mills
19%
2,981 Bar Nunn
10%
2,135 Lyman
10%
2,420 Glenrock
5%
No matching quizzes found
Score Distribution
Percent of People with Each Score
Percentile by Number Answered
Your Score History
You have not taken this quiz